<?xml version="1.0" encoding="UTF-8"?>
<record
    xmlns:xsi="http://www.w3.org/2001/XMLSchema-instance"
    xsi:schemaLocation="http://www.loc.gov/MARC21/slim http://www.loc.gov/standards/marcxml/schema/MARC21slim.xsd"
    xmlns="http://www.loc.gov/MARC21/slim">

  <leader>03285cam a2200169   4500500</leader>
  <controlfield tag="005">20260517000304.0</controlfield>
  <datafield tag="041" ind1=" " ind2=" ">
    <subfield code="a">fre</subfield>
  </datafield>
  <datafield tag="042" ind1=" " ind2=" ">
    <subfield code="a">dc</subfield>
  </datafield>
  <datafield tag="100" ind1="1" ind2="0">
    <subfield code="a">Broda, Jacques</subfield>
    <subfield code="e">author</subfield>
  </datafield>
  <datafield tag="245" ind1="0" ind2="0">
    <subfield code="a">Sant&#xE9;, identit&#xE9;s et pr&#xE9;carit&#xE9;s &#xE9;tudiantes</subfield>
  </datafield>
  <datafield tag="260" ind1=" " ind2=" ">
    <subfield code="c">2009.
							</subfield>
  </datafield>
  <datafield tag="500" ind1=" " ind2=" ">
    <subfield code="a">82</subfield>
  </datafield>
  <datafield tag="520" ind1=" " ind2=" ">
    <subfield code="a">R&#xE9;sum&#xE9;De 1995 &#xE0; 1997, une &#xE9;tude m&#xE9;dico-&#xE9;conomique a &#xE9;t&#xE9; men&#xE9;e sur un secteur de psychiatrie publique afin d&#x2019;explorer les variables explicatives de la variabilit&#xE9; du co&#xFB;t des soins psychiatriques. Les r&#xE9;sultats montrent que les co&#xFB;ts sont ind&#xE9;pendants de la pathologie, mais corr&#xE9;l&#xE9;s au niveau de d&#xE9;pendance m&#xE9;dico-sociale et &#xE0; l&#x2019;existence ou non de relais sociaux et familiaux. C&#x2019;est le suivi des patients avec des diagnostics de d&#xE9;mence, d&#xE9;ficits intellectuels ou troubles schizophr&#xE9;niques, qui co&#xFB;te le plus cher &#xE0; l&#x2019;ann&#xE9;e. Si les variables sociologiques sexe, &#xE2;ge et profession sont hautement significatives dans la r&#xE9;partition des co&#xFB;ts, ceux-ci sont ind&#xE9;pendants de la qualit&#xE9; et de la production des soins, mesur&#xE9;s gr&#xE2;ce &#xE0; l&#x2019;&#xE9;chelle globale de fonctionnement (EGF). 10&#xA0;% des patients de la file active consomment 75&#xA0;% des ressources disponibles mais seulement 50&#xA0;% de l&#x2019;ambulatoire. En d&#xE9;finitive, c&#x2019;est le maintien &#xE0; l&#x2019;h&#xF4;pital qui influence les co&#xFB;ts. L&#x2019;augmentation de la file active et des actes ambulatoires vient palier ann&#xE9;e par ann&#xE9;e la diminution constat&#xE9;e du temps plein hospitalier. Quelle que soit la pathologie, le temps plein hospitalier a le m&#xEA;me co&#xFB;t. Les 10&#xA0;% des patients dont la prise en charge co&#xFB;te le plus ont tous les diagnostics de la CIM 10, les patients schizophr&#xE9;niques en repr&#xE9;sentant moins de la moiti&#xE9;.</subfield>
  </datafield>
  <datafield tag="520" ind1=" " ind2=" ">
    <subfield code="a">A health economics study was carried out from 1995 &#x2013; 1997 on the public sector of psychiatry in order to explore the variables which contribute to the differences in the cost of psychiatric care. The results show that the costs are independent of the pathology, but they correlate to the level of medical-social dependence and to the existence (or not) of family and social support structures. The most expensive care per year is that of patients diagnosed with dementia, intellectual deficiencies, or problems of schizophrenia. If the sociological variables of sex, age and professional category are highly significant in the redistribution of cost, these are independent of the quality and provision of care, measured by a comprehensive, overall operational scale (EGF). 10% of patients consume 75% of the available resources but only 50% of the ambulatory care. The definitive costs are ultimately influenced by hospitalization. The increase in the number of patients actively seeking treatment and the increase in ambulatory care provided levels out year after year for which there is a noted decrease in full time hospitalization. Regardless of the diagnosis, full time hospital care carries the same cost. Therefore, the 10% of patients for whom care is most expensive are those who have been diagnosed with CIM 10, schizophrenic patients representing less than half of them.</subfield>
  </datafield>
  <datafield tag="786" ind1="0" ind2=" ">
    <subfield code="n">Sant&#xE9; Publique | 20 | 6 | 2009-01-22 | p. 605-610 | 0995-3914</subfield>
  </datafield>
  <datafield tag="856" ind1="4" ind2="1">
    <subfield code="u">https://stm.cairn.info/revue-sante-publique-2008-6-page-605?lang=fr&amp;redirect-ssocas=7080</subfield>
  </datafield>
  <datafield tag="999" ind1=" " ind2=" ">
    <subfield code="c">2230959</subfield>
    <subfield code="d">2230959</subfield>
  </datafield>
</record>
